| 000 | 00623nam a22002057a 4500 | ||
|---|---|---|---|
| 003 | OSt | ||
| 005 | 20160421133735.0 | ||
| 008 | 160222b xxu||||| |||| 00| 0 eng d | ||
| 020 | _a978074426X | ||
| 040 | _cDDC. | ||
| 082 | _a658.421 TUK 2008 | ||
| 100 |
_aTukur Isa Kabiru. _96817 |
||
| 245 | _aEnterprenuership and Business Management in Modern Information and Communication Technology | ||
| 260 |
_aIslamic University Uganda _c2008 |
||
| 300 |
_axii,238p; _bill; _c28cm |
||
| 504 | _aincludes bibliography and index. | ||
| 650 |
_aBusiness Maagement. _96818 |
||
| 650 |
_aEntrepreneurship _96831 |
||
| 942 |
_2ddc _cSLOAN |
||
| 999 |
_c3062 _d3062 |
||